MARC details
| 000 -CABECERA |
| campo de control de longitud fija |
02896nam a2200337 i 4500 |
| 003 - IDENTIFICADOR DEL NÚMERO DE CONTROL |
| campo de control |
DO-SdBNP |
| 005 - FECHA Y HORA DE LA ÚLTIMA TRANSACCIÓN |
| campo de control |
20250704093303.0 |
| 007 - CAMPO FIJO DE DESCRIPCIÓN FÍSICA--INFORMACIÓN GENERAL |
| campo de control de longitud fija |
ta |
| 008 - DATOS DE LONGITUD FIJA--INFORMACIÓN GENERAL |
| campo de control de longitud fija |
250612s1940 ag 000 0 spa d |
| 040 ## - FUENTE DE LA CATALOGACIÓN |
| Centro catalogador/agencia de origen |
DO-SdBNP |
| Lengua de catalogación |
spa |
| Centro/agencia transcriptor |
BNPHU |
| Normas de descripción |
rda |
| 041 ## - CÓDIGO DE LENGUA |
| Código de lengua original |
spa |
| 082 ## - NÚMERO DE LA CLASIFICACIÓN DECIMAL DEWEY |
| Número de clasificación |
823.8 |
| Número de documento/Ítem |
W671r |
| Número de edición |
22 |
| 100 ## - ENTRADA PRINCIPAL--NOMBRE DE PERSONA |
| Nombre de persona |
Wilde, Oscar, |
| Fechas asociadas al nombre |
1854-1900 |
| 9 (RLIN) |
13294 |
| Término indicativo de función/relación |
autor |
| Código de función/relación |
aut. |
| 245 13 - MENCIÓN DE TÍTULO |
| Título |
El ruiseñor y la rosa : |
| Resto del título |
(the nightingale and the rose, and other tales) / |
| Mención de responsabilidad, etc. |
Oscar Wilde ; traducción directa del inglés de Roberto E. D'Elio. Texto íntegro, de acuerdo con el original. |
| 250 ## - MENCIÓN DE EDICIÓN |
| Mención de edición |
Primera edición |
| 264 #4 - PRODUCCIÓN, PUBLICACIÓN, DISTRIBUCIÓN, FABRICACIÓN Y COPYRIGHT |
| Producción, publicación, distribución, fabricación y copyright |
Buenos Aires : |
| Nombre del de productor, editor, distribuidor, fabricante |
Editorial Sopena Argentina, |
| Fecha de producción, publicación, distribución, fabricación o copyright |
©1940. |
| 300 ## - DESCRIPCIÓN FÍSICA |
| Extensión |
155 páginas ; |
| Dimensiones |
23 cm. |
| 336 ## - TIPO DE CONTENIDO |
| Término de tipo de contenido |
texto |
| Código de tipo de contenido |
txt |
| Fuente |
rdacontent |
| 337 ## - TIPO DE MEDIO |
| Nombre/término del tipo de medio |
sin mediación |
| Código del tipo de medio |
n |
| Fuente |
rdamedia |
| 338 ## - TIPO DE SOPORTE |
| Nombre/término del tipo de soporte |
volumen |
| Código del tipo de soporte |
nc |
| Fuente |
rdacarrier |
| 490 0# - MENCIÓN DE SERIE |
| Mención de serie |
Biblioteca mundial Sopena |
| 500 ## - NOTA GENERAL |
| Nota general |
Incluye datos biográficos del autor en la página 1. |
| 505 ## - NOTA DE CONTENIDO CON FORMATO |
| Nota de contenido con formato |
El ruiseñor y la rosa.--El gigante egoísta.--El famoso cohete.--La esfinge sin secreto.--El fantasma de Canterville.--El modelo millonario.--El joven rey.--El natalicio de la Infanta.--El pescador y su alma.--El hijo de la estrella.--El príncipe feliz.--La esfinge (poema) |
| 520 ## - SUMARIO, ETC. |
| Sumario, etc. |
El ruiseñor y la rosa es un cuento escrito por el poeta, escritor y dramaturgo británico-irlandés Oscar Wilde. Fue publicado por primeral ruiseño vez en El príncipe feliz y otros cuentos junto a otros cuatro cuentos del autor en 1888. Fue el cuento más destacado del primeral ya mencionado. La historia trata de un joven estudiante enamorado de una chica (Hija de su profesor). Necesitaba una rosa roja para impresionarla y que así ella fuera al baile con él. Sólo tenía rosas blancas en su jardín, entonces se puso a llorar. Un ruiseñor le vio y este, ilusionado con la idea de que el joven pueda encontrar el amor verdadero, toma la decisión de ser torturado toda la noche cantando a la luz de la luna y sacrificar su vida para entregar su sangre a un rosal seco que estaba en la ventana del estudiante, para que naciera una rosa roja. El joven al despertarse al otro día y al mirar a su ventana, se emociona y toma la rosa, que más tarde se la lleva a la chica, pero esta lo rechaza argumentando que ya otros le habían dado mejores regalos (Como el Hijo del Chambelan) y que esa rosa era común y sin valor. Pues al parecer a la bella dama solo le importaban las apariencias y los bienes materiales. |
| 590 ## - NOTA LOCAL (RLIN) |
| Nota local |
Inventariado, 2025/ YL |
| 650 #4 - PUNTO DE ACCESO ADICIONAL DE MATERIA--TÉRMINO DE MATERIA |
| Término de materia o nombre geográfico como elemento de entrada |
Literatura inglesa |
| 9 (RLIN) |
11512 |
| 700 12 - PUNTO DE ACCESO ADICIONAL--NOMBRE DE PERSONA |
| Nombre de persona |
D´Elio, Roberto E. |
| Término indicativo de función/relación |
traductor |
| Código de función/relación |
tr. |
| 9 (RLIN) |
62833 |
| 856 ## - LOCALIZACIÓN Y ACCESO ELECTRÓNICOS |
| Texto de enlace |
https://repositori.lecturafacil.net/sites/default/files/El%20ruise%C3%B1or%20y%20la%20rosa.pdf |
| -- |
https://www.cervantesvirtual.com/obra-visor/el-ruisenor-y-la-rosa-y-otros-cuentos-poemas-en-prosa--0/html/ff0cedbe-82b1-11df-acc7-002185ce6064_2.html |
| 910 ## - DATOS DE OPCIÓN DEL USUARIO (OCLC) |
| Datos de opción del usuario |
Ylockward |
| 942 ## - ELEMENTOS DE PUNTO DE ACCESO ADICIONAL (KOHA) |
| Fuente del sistema de clasificación o colocación |
Dewey Decimal Classification |
| Tipo de ítem Koha |
Libro |